Statistics for Haikyuu!! Episodes

Click here to take the quiz!

General Stats

  • This quiz has been taken 86 times
  • The average score is 18 of 90

Answer Stats

SeasonEp.Episode Name% Correct
Haikyuu!!8The One They Call "{Ace}"
76%
Haikyuu!! Season 21Let's Go to {Tokyo}!
70%
Haikyuu!!17The {Iron} Wall
65%
Haikyuu!!2Karasuno High School {Volleyball} {Club}
61%
Haikyuu!! Season 33The {Guessing} Monster
61%
Haikyuu!!20{Oikawa} {Toru} Is Not a Genius
54%
Haikyuu!!7Versus the {Great} {King}
52%
Haikyuu!!1The {End} & The {Beginning}
50%
Haikyuu!!3The {Formidable} Ally
50%
Haikyuu!! Season 225Declaration of {War}
41%
Haikyuu!! Season 23{Townsperson} B
39%
Haikyuu!!OVAThe Arrival of {Lev}!
37%
Haikyuu!!9A {Set} For the {Ace}
33%
Haikyuu!!12The {Cat} and {Crow} Reunion
33%
Haikyuu!!23The Play to Shift the {Momentum}
33%
Haikyuu!!4The {View} From the {Summit}
33%
Haikyuu!!5A Wimp's {Anxiety}
30%
Haikyuu!! Season 27{Moon}rise
30%
Haikyuu!! Season 219The {Iron} {Wall} Can Be Built Again and Again
30%
Haikyuu!! To The Top!17Cats vs. {Monkeys}
28%
Haikyuu!! Season 24{Center} Ace
28%
Haikyuu!! To The Top!25The {Promised} Land
28%
Haikyuu!! Season 29Vs. '{Umbrella}'
26%
Haikyuu!! To The Top!10{Battle} Lines
24%
Haikyuu!! Season 22Direct {Sunlight}
24%
Haikyuu!!25The {Third} Day
24%
Haikyuu!! To The Top!13Day {Two}
22%
Haikyuu!! To The Top!OVA1{Land} vs. {Sky}
22%
Haikyuu!!11The {Decision}
20%
Haikyuu!!16{Winner} and {Loser}
20%
Haikyuu!! Season 28{Illusionary} Hero
17%
Haikyuu!!24"{Lonely} {King}" No More
17%
Haikyuu!! To The Top!4Taking it {Easy}
17%
Haikyuu!! Season 223{Team}
17%
Haikyuu!! Season 218The {Losers}
17%
Haikyuu!! Season 211Up {Above}
17%
Haikyuu!! Season 210{Gears}
15%
Haikyuu!! To The Top!5{Hunger}
15%
Haikyuu!!10The {Dream}
15%
Haikyuu!! Season 39The Volleyball {Freaks}
15%
Haikyuu!!15We're {Back}
15%
Haikyuu!!13Worthy {Adversaries}
15%
Haikyuu!! Season 38An {Annoying} Guy
13%
Haikyuu!! To The Top!8{Challenger}
13%
Haikyuu!! Season 25{Greed}
13%
Haikyuu!! To The Top!2{Lost}
13%
Haikyuu!! Season 216{Next}
13%
Haikyuu!! Season 213Simple, Pure {Strength}
13%
Haikyuu!! Season 310The Battle of {Concepts}
13%
Haikyuu!! To The Top!23The Birth of the {Serene} {King}
13%
Haikyuu!! Season 34The {Halo} Around the {Moon}
13%
Haikyuu!! Season 32The Threat of {Left}
13%
Haikyuu!!6An {Amusing} Team
11%
Haikyuu!! To The Top!16Broken {Heart}
11%
Haikyuu!!22{Evolution}
11%
Haikyuu!! To The Top!15{Found}
11%
Haikyuu!! To The Top!21{Hero}
11%
Haikyuu!! Season 212Let the {Matches} Begin!
11%
Haikyuu!! To The Top!24{Monsters'} Ball
11%
Haikyuu!! Season 35One vs. {Many}
11%
Haikyuu!! Season 215{Play}ground
11%
Haikyuu!! To The Top!7{Return}
11%
Haikyuu!! Season 26{Tempo}
11%
Haikyuu!! Season 224The Absolute {Limit} {Switch}
11%
Haikyuu!!19The {Conductor}
11%
Haikyuu!! To The Top!9Everyone's {Night}
9%
Haikyuu!! Season 31{Greetings}
9%
Haikyuu!! Season 214{Growing} Fast
9%
Haikyuu!! To The Top!1{Introductions}
9%
Haikyuu!! To The Top!20{Leader}
9%
Haikyuu!! Season 37{Obsession}
9%
Haikyuu!! To The Top!3{Perspective}
9%
Haikyuu!! To The Top!22{Pitons}
9%
Haikyuu!! Season 36The {Chemical} {Change} of Encounters
9%
Haikyuu!! Season 221The {Destroyer}
9%
Haikyuu!! To The Top!OVA2The {Path} of the {Ball}
9%
Haikyuu!!21The Talented {Upperclassmen}
9%
Haikyuu!! To The Top!19The {Ultimate} {Challengers}
9%
Haikyuu!! To The Top!18{Trap}
9%
Haikyuu!! To The Top!12{Vivid}
9%
Haikyuu!! To The Top!11A Chance to {Extend} the {Rally}
7%
Haikyuu!!18Back {Protection}
7%
Haikyuu!! To The Top!6{Enhancements}
7%
Haikyuu!! Season 3OVASpecial Feature! {Betting} on the {Spring} {High} Volleyball
7%
Haikyuu!!14The {Tough} Opponents
7%
Haikyuu!! Season 2OVAVs. {Failing} {Grades}
7%
Haikyuu!! To The Top!14{Rhythym}
4%
Haikyuu!! Season 220{Sweep} Clear
2%
Haikyuu!! Season 222The Fight of the Previously {Spineless}
2%
Haikyuu!! Season 217The Fight of the {Spineless}
2%

Score Distribution

Percentile by Number Answered

Percent of People with Each Score

Your Score History

You have not taken this quiz